| 000 | 01006cam a2200277 a 4500 | ||
|---|---|---|---|
| 001 | 15055209 | ||
| 003 | OSt | ||
| 005 | 20221024160359.0 | ||
| 008 | 071023s2008 oru bf 000 0 eng | ||
| 010 | _a 2007044121 | ||
| 020 | _a0736921817 | ||
| 040 |
_aDLC _cDLC _dDLC |
||
| 050 | 0 | 0 |
_aBV4012.2 _b.H86 2008 |
| 082 | 0 | 0 |
_a253.5 _222 |
| 100 | 1 | _aHunt, June. | |
| 245 | 1 | 0 |
_aCounseling through your Bible handbook / _cJune Hunt. |
| 260 |
_aEugene, Or. : _bHarvest House Publishers, _c2008 |
||
| 300 | _a443 p. ; | ||
| 504 | _aIncludes bibliographical references (p. 433-442). | ||
| 630 | 0 | 0 |
_aBible _xPsychology _vHandbooks, manuals, etc. |
| 650 | 0 |
_aPastoral counseling _vHandbooks, manuals, etc. |
|
| 856 | 4 | 1 |
_3Table of contents _uhttp://www.loc.gov/catdir/toc/fy0804/2007044121.html |
| 906 |
_a7 _bcbc _corignew _d1 _eecip _f20 _gy-gencatlg |
||
| 942 |
_2lcc _cBK |
||
| 999 |
_c19688 _d19687 |
||